Marketing (Registro nro. 2890)
[ vista simple ]
| 000 -LEADER | |
|---|---|
| fixed length control field | 01501 a2200205 4500 |
| 001 - CONTROL NUMBER | |
| control field | 38508 |
| 005 - DATE AND TIME OF LATEST TRANSACTION | |
| control field | 20260407155648.0 |
| 008 - FIXED-LENGTH DATA ELEMENTS--GENERAL INFORMATION | |
| fixed length control field | 260407a1970 arg spa d |
| 003 - CONTROL NUMBER IDENTIFIER | |
| control field | AR-UNSa-BCEJYS |
| 040 ## - CATALOGING SOURCE | |
| Original cataloging agency | AR-UNSa-BCEJYS |
| Language of cataloging | spa |
| Transcribing agency | AR-UNSa-BCEJYS |
| 080 ## - UNIVERSAL DECIMAL CLASSIFICATION NUMBER | |
| Universal Decimal Classification number | 658.8 |
| Common auxiliary subdivision | Organización de mercados. Marketing. Ventas. Distribución |
| 100 1# - MAIN ENTRY--PERSONAL NAME | |
| Personal name | Costa Lieste, Enrique G. |
| 245 10 - TITLE STATEMENT | |
| Title | Marketing |
| Name of part/section of a work | análisis económico-comparativo y gerencial |
| 250 ## - EDITION STATEMENT | |
| Edition statement | 2a. ed. |
| 264 #1 - PRODUCTION, PUBLICATION, DISTRIBUTION, MANUFACTURE, AND COPYRIGHT NOTICE | |
| Place of production, publication, distribution, manufacture | Buenos Aires : |
| Name of producer, publisher, distributor, manufacturer | Sudamericana |
| Date of production, publication, distribution, manufacture, or copyright notice | 1970 |
| 300 ## - PHYSICAL DESCRIPTION | |
| Extent | 683 p. |
| Dimensions | 20 cm. |
| 505 ## - FORMATTED CONTENTS NOTE | |
| Formatted contents note | 1. Sistemas económicos - El sistema capitalista - 2. Marketing en las economías orientadas hacia el consumidor: EE.UU - 3. El sistema colectivista - 4. Marketing en las economías orientadas hacia la producción y en las economías en transición - 5. Fundamentos de marketing( de acuerdo a las experiencias capitalista y colectiva) - 6. Las ganancias y la dinámica de las empresas modernas - 7. El ejecutivo, la planificación y la organización de marketing - 8. La conducta del consumidor: Principios de ciencias de la conducta y de investigación - 9. La conducta del consumidor - 10. La dirección de la información y la toma de decisiones - 11. La innovación y la dirección de los productos - 12. Competencia de precios y de marcas - 13. Selección de canales y logistica de la distribución - 14. La función de promoción : El concepto de promoción, la venta personal. |
| 590 ## - LOCAL NOTE (RLIN) | |
| Local note | niveau_biblio:m niveau_hierar:0 |
| 942 ## - ADDED ENTRY ELEMENTS (KOHA) | |
| Koha item type | |
| Withdrawn status | Lost status | Damaged status | Not for loan | Home library | Current library | Shelving location | Date acquired | Total checkouts | Full call number | Barcode | Date last seen | Price effective from | Koha item type |
|---|---|---|---|---|---|---|---|---|---|---|---|---|---|
| Biblioteca Prof. Eusebio Cleto del Rey | Biblioteca Prof. Eusebio Cleto del Rey | 07/04/2026 | 658.8 C837 2ed. | L24717 | 07/04/2026 | 07/04/2026 | Libro | ||||||
| Biblioteca Prof. Eusebio Cleto del Rey | Biblioteca Prof. Eusebio Cleto del Rey | 07/04/2026 | 658.8 C837 2ed. | L24716 | 07/04/2026 | 07/04/2026 | Libro |